A mesei erőszak bűvöletéről

Elmentve itt :
Bibliográfiai részletek
Szerző: Frick Mária
Dokumentumtípus: Cikk
Megjelent: 1995
Sorozat:Iskolakultúra 5 No. 11-12
Kulcsszavak:Erőszak ábrázolása - irodalmi - könyvismertetés, Népmese - könyvismertetés
Online Access:http://misc.bibl.u-szeged.hu/44735
LEADER 00653nab a2200181 i 4500
001 misc44735
005 20191106141102.0
008 181005s1995 hu o 0|| zxx d
022 |a 1215-5233 
040 |a SZTE Miscellanea Repozitórium  |b hun 
041 |a zxx 
100 1 |a Frick Mária 
245 1 2 |a A mesei erőszak bűvöletéről  |h [elektronikus dokumentum] /  |c  Frick Mária 
260 |c 1995 
300 |a 108-115 
490 0 |a Iskolakultúra  |v 5 No. 11-12 
695 |a Erőszak ábrázolása - irodalmi - könyvismertetés, Népmese - könyvismertetés 
856 4 0 |u http://misc.bibl.u-szeged.hu/44735/1/iskolakultura_1995_011_012_108-115.pdf  |z Dokumentum-elérés